Royal Infirmary, Edinburgh (Record no. 116782)

MARC details
000 -LEADER
fixed length control field 00825cam a22002175a 4500
001 - CONTROL NUMBER
control field E142284
008 - FIXED-LENGTH DATA ELEMENTS--GENERAL INFORMATION
fixed length control field 080201s1872 xxk eng u
035 ## - SYSTEM CONTROL NUMBER
System control number (Sirsi) u142284
041 0# - LANGUAGE CODE
Language code of text/sound track or separate title eng
110 2# - MAIN ENTRY--CORPORATE NAME
Corporate name or jurisdiction name as entry element Brown and Lawrence
9 (RLIN) 5496
245 00 - TITLE STATEMENT
Title Royal Infirmary, Edinburgh
Remainder of title measurement from plans, mason and brick work required to be executed in building the new medical and surgical hospitals...
Medium [manuscript]
260 ## - PUBLICATION, DISTRIBUTION, ETC.
Date of publication, distribution, etc. October 1872
300 ## - PHYSICAL DESCRIPTION
Extent 1v.
Dimensions 34cm. +
Accompanying material 3 sheets and 1 newspaper
340 ## - PHYSICAL MEDIUM
Material base and configuration Manuscript
351 ## - ORGANIZATION AND ARRANGEMENT OF MATERIALS
Hierarchical level Single item
500 ## - GENERAL NOTE
General note Item is accompanied by material related to the volume's display at an exhibition held in 1970 to celebrate the Royal Infirmary's centenary.
651 4# - SUBJECT ADDED ENTRY--GEOGRAPHIC NAME
Geographic name Edinburgh
690 ## - LOCAL SUBJECT ADDED ENTRY--TOPICAL TERM (OCLC, RLIN)
Topical term or geographic name as entry element BUILT ENVIRONMENT-QUANTITY SURVEYING
700 1# - ADDED ENTRY--PERSONAL NAME
Personal name Bryce, David
942 ## - ADDED ENTRY ELEMENTS (KOHA)
Suppress in OPAC 0
Holdings
Withdrawn status Lost status Source of classification or shelving scheme Damaged status Not for loan Home library Current library Shelving location Date acquired Total Checkouts Full call number Barcode Date last seen Copy number Price effective from Koha item type
    Dewey Decimal Classification     Archives Archives Archive copy 01/02/2008   ARCHIVE 50013180 06/08/2019 1 06/08/2019 Book